Normal view
MARC view
Entry Personal Name
001 - CONTROL NUMBER
- control field: 19083
003 - CONTROL NUMBER IDENTIFIER
- control field: dpl
005 - DATE AND TIME OF LATEST TRANSACTION
- control field: 20100909113619.0
008 - FIXED-LENGTH DATA ELEMENTS
- fixed length control field: 100909|||a|||||| | ||| d
040 ## - CATALOGING SOURCE
- Original cataloging agency: dpl
- Transcribing agency: dpl
100 ## - HEADING--PERSONAL NAME
- Personal name: Hughes, Simon
670 ## - SOURCE DATA FOUND
- Source citation: Work cat.: (dpl): Hughes, Simon, Jargonbusting the analyst's guide to test cricket , 2001
670 ## - SOURCE DATA FOUND
- Source citation: Work cat.: (dpl): Hughes, Simon, Jargonbusting the analyst's guide to test cricket , 2001
